Bands by members initials - Statistics

General Stats
  • This quiz has been taken 41 times
  • The average score is 5 of 16
Answer Stats
Hint Answer % Correct
MJ, RW, BW, KR, CW Rolling Stones
92%
PM, JL, GH, RS The Beatles
81%
AK, F, CS, JF Red Hot Chili Peppers
58%
BW, CW, DW, DL, AJ Beach Boys
39%
RD, PT, KM, JE The Who
36%
GM, AR Wham
36%
AF, AL, BA, BU Abba
28%
NT, CL Pet Shop Boys
28%
MF, CM, SN, LB, PG Fleetwood Mac
19%
CM, JB, GB, WC Coldplay
17%
MS, BD, JH, DF, EA, CB Linkin Park
6%
JR, SV, GM, SJ, PC Sex Pistols
6%
FR, RP, AL Status Quo
3%
VW, RJ FR, GH, DH, RJ Village People
3%
VW, MW, PB, RJ, AD, Earth Wind And Fire
0%
MC, MP, JP, DD Mamas And The Papas
0%
No matching quizzes found
Score Distribution
Percent of People with Each Score
Percentile by Number Answered
Your Score History
You have not taken this quiz